00351nam a2200097Ia 4500008004100000245003500041260000900076856007600085999001900161952007300180160531s9999 xx 000 0 und d aSome Drugs and Herbal Products c2016 uhttp://www.ncbi.nlm.nih.gov/books/NBK350406/pdf/Bookshelf_NBK350406.pdf c295309d295309 001040aCLbCLd2016-05-31l0r2016-05-31 00:00:00w2016-05-31yCBE